000 00399 a2200169 4500
001 068318
003 OSt
005 20220216095923.0
008
082 _a512.5
_bR72L
100 1 _aRose, Harvey E.
245 1 _aLinear algebra
_cby Harvey E. Rose
260 _aBoston
_bBirkhauser
_c2008
300 _a250p.
653 _aAlgebra, Linear
942 _2ddc
_cBK
999 _c2004
_d2004